[Event "GER-ch Net qual1 U18"]
[Site "Playchess.com INT"]
[Date "2008.06.01"]
[Round "5"]
[White "Hentze, Markus"]
[Black "Kreutzer, Alexander"]
[Result "1-0"]
[WhiteElo "1932"]
[BlackElo "1966"]
[PlyCount "67"]
[EventDate "2008.06.01"]
[EventType "swiss (blitz)"]
[EventRounds "7"]
[EventCountry "GER"]
[SourceTitle "CBM 124 Extra"]
[Source "ChessBase"]
[SourceDate "2008.07.03"]
[SourceVersion "1"]
[SourceVersionDate "2008.07.03"]
[SourceQuality "1"]

1. e4 e5 2. Nf3 Nc6 3. Bb5 a6 4. Ba4 Nf6 5. 0-0 b5 6. Bb3 Be7 7. Re1 0-0 8. c3 d5 9. exd5 Nxd5 10. Nxe5 Nxe5 11. Rxe5 c6 12. d4 Bd6 13. Re1 Qh4 14. g3 Qh3 15. Be3 Bg4 16. Qd3 Qh5 17. Nd2 Rfe8 18. f4 Re7 19. Bf2 Rae8 20. Rxe7 Rxe7 21. Re1 Rxe1+ 22. Bxe1 h6 23. Qe4 Bf5 24. Qe8+ Kh7 25. Bxd5 cxd5 26. Qe3 Qd1 27. Nf3 Be4 28. Ne5 b4 29. Nxf7 Be7 30. Ne5 bxc3 31. bxc3 Ba3 32. Nc6 Bc1 33. Qf2 Bd2 34. Qxd2 1-0

[Event "GER-ch Net qual1 U18"]
[Site "Playchess.com INT"]
[Date "2008.06.01"]
[Round "2"]
[White "Kahleys, Kevin"]
[Black "Kreutzer, Alexander"]
[Result "0-1"]
[WhiteElo "1955"]
[BlackElo "1966"]
[PlyCount "130"]
[EventDate "2008.06.01"]
[EventType "swiss (blitz)"]
[EventRounds "7"]
[EventCountry "GER"]
[SourceTitle "CBM 124 Extra"]
[Source "ChessBase"]
[SourceDate "2008.07.03"]
[SourceVersion "1"]
[SourceVersionDate "2008.07.03"]
[SourceQuality "1"]

1. d4 d5 2. c4 e6 3. Nf3 Nf6 4. g3 Nbd7 5. Bg2 Be7 6. 0-0 0-0 7. Nc3 c6 8. Nd2 Bd6 9. e4 dxe4 10. Ndxe4 Nxe4 11. Nxe4 Bc7 12. b3 Nf6 13. Bb2 Nxe4 14. Bxe4 h6 15. Qh5 Re8 16. Rad1 Qe7 17. a3 e5 18. d5 cxd5 19. Bxd5 Be6 20. Bxe5 Bxe5 21. Qxe5 Bxd5 22. Qxd5 Rad8 23. Qa5 b6 24. Qb4 Rxd1 25. Rxd1 Qe2 26. Qd2 Qe7 27. b4 Qe4 28. Qd3 Qe6 29. f4 g6 30. Kf2 Qh3 31. Kg1 Qe6 32. Rc1 Rc8 33. Kg2 Qc6+ 34. Qf3 Qd6 35. Qe2 Qc6+ 36. Kf2 Re8 37. Qf3 Qd7 38. Rd1 Qe6 39. Rc1 Qf6 40. Qd3 Rd8 41. Qe2 Qd4+ 42. Kf3 Qd7 43. Rc3 Re8 44. Re3 Rc8 45. g4 Qc6+ 46. Re4 f5 47. gxf5 gxf5 48. Qg2+ Kf7 49. Qd2 Qxe4+ 50. Kf2 Qc6 51. h4 Qe6 52. c5 bxc5 53. bxc5 Rxc5 54. Qd4 Rc2+ 55. Kg3 Qg6+ 56. Kf3 Qg2+ 57. Ke3 Qf2+ 58. Kd3 Rd2+ 59. Kc3 Qxd4+ 60. Kb3 Qd3+ 61. Kb4 Rc2 62. h5 Qc3+ 63. Kb5 Rb2+ 64. Ka4 Qb3+ 65. Ka5 Qxa3# 0-1

[Event "Saarland-ch MB"]
[Site "Eppelborn"]
[Date "2008.03.19"]
[Round "6"]
[White "Schuetz, Thomas"]
[Black "Kreutzer, Alexander"]
[Result "1-0"]
[WhiteElo "2295"]
[BlackElo "1940"]
[PlyCount "81"]
[EventDate "2008.03.14"]
[EventType "swiss"]
[EventRounds "9"]
[EventCountry "GER"]
[SourceTitle "EXT 2010"]
[Source "ChessBase"]
[SourceDate "2010.11.25"]
[SourceVersion "1"]
[SourceVersionDate "2010.11.25"]
[SourceQuality "1"]

1. d4 d5 2. Nf3 Nf6 3. Bf4 Bf5 4. e3 Nbd7 5. Bd3 Bg4 6. Nbd2 e6 7. c3 Bd6 8. Qc2 Qe7 9. Ne5 Bh5 10. Ndf3 Bg6 11. Nxg6 hxg6 12. Ne5 c6 13. Bxg6 Bxe5 14. dxe5 Ng4 15. Bd3 Ngxe5 16. Be2 Ng6 17. Bg3 Nc5 18. f3 a5 19. Rd1 Nh4 20. Kf2 Nf5 21. b4 axb4 22. cxb4 Na6 23. a3 Nc7 24. Qc3 0-0 25. e4 Nd6 26. Qc5 Nce8 27. exd5 exd5 28. Rhe1 Rxa3 29. Bd3 Qf6 30. Be5 Qh4+ 31. Kg1 Ra2 32. Bb1 b6 33. Qxb6 Nc4 34. Qc5 Rd2 35. Bg3 Qg5 36. Bh7+ Kxh7 37. Qxf8 Rxd1 38. Rxd1 Nf6 39. Qxf7 Nh5 40. h4 Qxg3 41. Qxh5+ 1-0

[Event "GER-ch U14"]
[Site "Willingen"]
[Date "2007.05.29"]
[Round "6"]
[White "Kreutzer, Alexander"]
[Black "Goepfert, Jakob"]
[Result "1-0"]
[WhiteElo "2019"]
[BlackElo "1472"]
[PlyCount "51"]
[EventDate "2007.05.26"]
[EventType "swiss"]
[EventRounds "9"]
[EventCountry "GER"]
[SourceTitle "CBM 118 Extra"]
[Source "ChessBase"]
[SourceDate "2007.07.04"]
[SourceVersion "1"]
[SourceVersionDate "2007.07.04"]
[SourceQuality "1"]

1. d4 c6 2. c4 d5 3. Nf3 Nf6 4. Nc3 e6 5. e3 Nbd7 6. Bd3 Bd6 7. 0-0 0-0 8. Qc2 dxc4 9. Bxc4 e5 10. dxe5 Nxe5 11. Nxe5 Bxe5 12. Kh1 Bg4 13. f4 Bc7 14. e4 Nh5 15. Be3 Bb6 16. Bxb6 axb6 17. f5 b5 18. Bb3 Qg5 19. Qf2 Rad8 20. Rae1 Rd3 21. Nb1 Rfd8 22. e5 Qh6 23. Kg1 R3d4 24. e6 Rf4 25. exf7+ Kf8 26. Qc5+ 1-0

[Event "GER-ch U14"]
[Site "Willingen"]
[Date "2007.05.28"]
[Round "4"]
[White "Kreutzer, Alexander"]
[Black "Kaphle, Stephan"]
[Result "0-1"]
[WhiteElo "2019"]
[BlackElo "2128"]
[PlyCount "68"]
[EventDate "2007.05.26"]
[EventType "swiss"]
[EventRounds "9"]
[EventCountry "GER"]
[SourceTitle "CBM 118 Extra"]
[Source "ChessBase"]
[SourceDate "2007.07.04"]
[SourceVersion "1"]
[SourceVersionDate "2007.07.04"]
[SourceQuality "1"]

1. d4 Nf6 2. c4 c5 3. e3 g6 4. Nc3 Bg7 5. Nf3 0-0 6. Bd3 cxd4 7. exd4 d5 8. c5 b6 9. cxb6 Qxb6 10. 0-0 Nc6 11. Be2 Bg4 12. Na4 Qc7 13. Be3 Qd6 14. Rc1 Rac8 15. b3 Ne4 16. h3 Bxf3 17. Bxf3 Rfd8 18. Re1 f5 19. Nc3 e6 20. Ne2 Kf7 21. g3 Nb4 22. a3 Na2 23. Rxc8 Rxc8 24. b4 Nac3 25. Nxc3 Rxc3 26. Bxe4 dxe4 27. a4 Rd3 28. Qc2 Bxd4 29. Bxd4 Qxd4 30. Qc7+ Kf6 31. Kg2 Qxb4 32. Rc1 e3 33. Qxh7 Rd2 34. h4 Qe4+ 0-1

[Event "GER-ch U14"]
[Site "Willingen"]
[Date "2007.05.27"]
[Round "2"]
[White "Kreutzer, Alexander"]
[Black "Veit, Bjoern"]
[Result "1-0"]
[WhiteElo "2019"]
[BlackElo "1323"]
[PlyCount "55"]
[EventDate "2007.05.26"]
[EventType "swiss"]
[EventRounds "9"]
[EventCountry "GER"]
[SourceTitle "CBM 118 Extra"]
[Source "ChessBase"]
[SourceDate "2007.07.04"]
[SourceVersion "1"]
[SourceVersionDate "2007.07.04"]
[SourceQuality "1"]

1. d4 e6 2. c4 d5 3. Nc3 Nf6 4. Nf3 Be7 5. Bf4 Nbd7 6. e3 c6 7. Bd3 0-0 8. 0-0 dxc4 9. Bxc4 b5 10. Bd3 a6 11. Bc2 c5 12. dxc5 Bxc5 13. Bg5 Qc7 14. Rc1 Bb7 15. a3 Rac8 16. Nd2 Qb8 17. Nce4 Nd5 18. Qh5 g6 19. Qh4 f5 20. Nxc5 Nxc5 21. b4 Nd7 22. Bh6 Rfe8 23. Bb3 Qd6 24. Rxc8 Rxc8 25. e4 fxe4 26. Nxe4 Qe7 27. Qxe7 Nxe7 28. Bxe6+ 1-0

[Event "GER-ch U12"]
[Site "Willingen"]
[Date "2005.05.17"]
[Round "6"]
[White "Weber, Raphael"]
[Black "Kreutzer, Alexander"]
[Result "0-1"]
[WhiteElo "1721"]
[BlackElo "1442"]
[PlyCount "80"]
[EventDate "2005.05.14"]
[EventType "swiss"]
[EventRounds "11"]
[EventCountry "GER"]
[SourceTitle "CBM 106 Extra"]
[Source "ChessBase"]
[SourceDate "2005.07.01"]
[SourceVersion "1"]
[SourceVersionDate "2005.07.01"]
[SourceQuality "1"]

1. e4 e5 2. Nf3 Nc6 3. Bc4 Bc5 4. c3 Nf6 5. d4 exd4 6. cxd4 Bb4+ 7. Bd2 Bxd2+ 8. Nbxd2 d6 9. 0-0 0-0 10. Re1 d5 11. exd5 Nxd5 12. Ne4 Bg4 13. h3 Bxf3 14. Qxf3 Nxd4 15. Qg3 Nc2 16. Bxd5 Nxa1 17. Rxa1 c6 18. Bb3 Qd4 19. Nc3 Rad8 20. Rd1 Qf6 21. Rxd8 Rxd8 22. Qc7 Re8 23. Qg3 g6 24. Qf3 Re1+ 25. Kh2 Qe5+ 26. g3 Qe7 27. Kg2 Kg7 28. Qf4 b5 29. Qd4+ Kg8 30. Nd1 c5 31. Qd5 c4 32. Bc2 Re2 33. Ne3 Qxe3 34. h4 Rxf2+ 35. Kh3 Qe6+ 36. Qxe6 fxe6 37. Be4 Rxb2 38. Bc6 c3 39. Be4 c2 40. Bxc2 Rxc2 0-1

[Event "GER-ch U12"]
[Site "Willingen"]
[Date "2005.05.16"]
[Round "5"]
[White "Kusmierek, Kasper Jan"]
[Black "Kreutzer, Alexander"]
[Result "1-0"]
[WhiteElo "1543"]
[BlackElo "1442"]
[PlyCount "61"]
[EventDate "2005.05.14"]
[EventType "swiss"]
[EventRounds "11"]
[EventCountry "GER"]
[SourceTitle "CBM 106 Extra"]
[Source "ChessBase"]
[SourceDate "2005.07.01"]
[SourceVersion "1"]
[SourceVersionDate "2005.07.01"]
[SourceQuality "1"]

1. e4 e5 2. Nf3 Nc6 3. Nc3 Nf6 4. d4 exd4 5. Nxd4 Ne5 6. Bf4 Ng6 7. Bg3 Bb4 8. Bd3 0-0 9. 0-0 d6 10. Kh1 Ne5 11. Bxe5 dxe5 12. Nf3 Bg4 13. Nd5 Nxd5 14. exd5 Qe7 15. c3 Bc5 16. Qe2 Rfe8 17. Rae1 Bd6 18. h3 Bh5 19. Qe3 Bc5 20. Qxe5 Bxf3 21. Qxe7 Bxg2+ 22. Kxg2 Bxe7 23. Bb5 Kf8 24. Bxe8 Rxe8 25. Re3 Rd8 26. Rfe1 Rd7 27. f4 f6 28. b4 Kf7 29. Kf3 f5 30. Re6 Rd6 31. Rxe7+ 1-0

[Event "GER-ch U12"]
[Site "Willingen"]
[Date "2005.05.15"]
[Round "2"]
[White "Kreutzer, Alexander"]
[Black "Dorn, Carina"]
[Result "1-0"]
[WhiteElo "1442"]
[BlackElo "1554"]
[PlyCount "69"]
[EventDate "2005.05.14"]
[EventType "swiss"]
[EventRounds "11"]
[EventCountry "GER"]
[SourceTitle "CBM 106 Extra"]
[Source "ChessBase"]
[SourceDate "2005.07.01"]
[SourceVersion "1"]
[SourceVersionDate "2005.07.01"]
[SourceQuality "1"]

1. d4 Nf6 2. c4 e6 3. Nc3 Bb4 4. a3 Bxc3+ 5. bxc3 d5 6. Bg5 h6 7. Bh4 c5 8. e3 Nc6 9. Nf3 0-0 10. Bd3 Re8 11. Ne5 g5 12. Bg3 Kg7 13. Nxc6 bxc6 14. Be5 Rg8 15. Qf3 Ba6 16. h4 Bxc4 17. Bxc4 dxc4 18. h5 cxd4 19. exd4 Rc8 20. 0-0 c5 21. g4 cxd4 22. Bxd4 Qe7 23. Qg3 Kh7 24. f4 gxf4 25. Bxf6 Qxf6 26. Rxf4 Qg7 27. Raf1 f5 28. Kh2 Qg5 29. Qf2 fxg4 30. Rf7+ Rg7 31. Rxg7+ Qxg7 32. Qf7 Rc7 33. Qxe6 Qxc3 34. Qg6+ Kh8 35. Rf8# 1-0